000 00606nam a22001937a 4500
005 20251108173013.0
008 250721s2002 xx 000 0 ara d
082 1 4 _aط/214/بغو
100 1 _aالبغوي، ابو محمد الحسين مسعود بن محمد
245 1 0 _aأحكام الجنائز /
264 1 _aالقاهرة :
_bمكتبة الصفا،
_c2002.
300 _a80 ص.
650 1 7 _aالفقة الإسلامي
650 1 7 _aالموت
650 1 7 _aالأحكام الشرعية
653 _a‚ناشئون صغار (10-14) سنةE
942 _2ddc
_cBK
999 _c93816
_d93816